Creating android applications: (Record no. 195771)

MARC details
000 -LEADER
fixed length control field 00694nam a2200217Ia 4500
005 - DATE AND TIME OF LATEST TRANSACTION
control field 20221118094136.0
008 - FIXED-LENGTH DATA ELEMENTS--GENERAL INFORMATION
fixed length control field 210716s2012 xx 000 0 und d
020 ## - INTERNATIONAL STANDARD BOOK NUMBER
International Standard Book Number 9788131786895
040 ## - CATALOGING SOURCE
Transcribing agency AIMIT LIBRARY
041 ## - LANGUAGE CODE
Language code of text/sound track or separate title eng
082 ## - DEWEY DECIMAL CLASSIFICATION NUMBER
Classification number 621.3821
Edition number 1
Item number HASC
100 ## - MAIN ENTRY--PERSONAL NAME
Personal name Haseman, Chris.
9 (RLIN) 62555
245 ## - TITLE STATEMENT
Title Creating android applications:
Remainder of title Develop and design /
Statement of responsibility, etc. By Chris Haseman
250 ## - EDITION STATEMENT
Edition statement 1st ed.
260 ## - PUBLICATION, DISTRIBUTION, ETC.
Place of publication, distribution, etc. New Delhi :
Name of publisher, distributor, etc. Pearson ,
Date of publication, distribution, etc. 2012.
300 ## - PHYSICAL DESCRIPTION
Extent xv,257p. ;
Dimensions 23 cm.
650 ## - SUBJECT ADDED ENTRY--TOPICAL TERM
Topical term or geographic name entry element Exploring the application basics
9 (RLIN) 62556
650 ## - SUBJECT ADDED ENTRY--TOPICAL TERM
Topical term or geographic name entry element Creating user interfaces
9 (RLIN) 62557
650 ## - SUBJECT ADDED ENTRY--TOPICAL TERM
Topical term or geographic name entry element Determining locations and using maps
9 (RLIN) 62558
942 ## - ADDED ENTRY ELEMENTS (KOHA)
Source of classification or shelving scheme Dewey Decimal Classification
Koha item type Book
Edition 1st
Call number prefix 621.3821 HASC
Holdings
Withdrawn status Lost status Source of classification or shelving scheme Damaged status Not for loan Collection code Home library Current library Source of acquisition Cost, normal purchase price Inventory number Total Checkouts Full call number Barcode Date last seen Cost, replacement price Price effective from Koha item type Date acquired
    Dewey Decimal Classification     MCA St Aloysius Institute of Management & Information Technology St Aloysius Institute of Management & Information Technology Athulya Books 325.00 Bill no:ABK 598; Bill dt:2012-10   621.3821 HASC MCA12563 07/21/2025 260.00 07/16/2021 Book  
    Dewey Decimal Classification     MCA St Aloysius Institute of Management & Information Technology St Aloysius Institute of Management & Information Technology Knowledge World 419.00 Bill no:335; Billdt:2017-02-28   621.3821 HASC MCA15283 07/21/2025 326.82 07/16/2021 Book 03/08/2017